000
00290nam a22001337a 4500
008
181029b xxu||||| |||| 00| 0 eng d
020
_a
9780517395745
041
_a
eng
080
_a
371
100
_a
46
101
_a
EDU
245
_a
2201 Fascinating Facts
_c
Louis, D
942
_2
udc
_c
BK
999
_c
50993
_d
50993